00841 2200289 4500001002100000005001500021035002000036007000300056008004100059020002200100040002200122082001400144084001600158090002200174100002800196245005300224300005200277650002700329850001200356504003300368264003200401336002100433337003000454338002300484999002200507990002200529INLIS00000000086041020210528103055 a0010-0521000991ta210528s2016 yoia g ind d a978-602-401-441-4 aYOPDYOGbinderda04223a627.4 a627.4 DJO t aCB-D.11 2016-30330 aDjoko Suryantoepenulis10aTanah airku salah kelola hujan /cDjoko Suryanto aviii, 186 halaman :bilustrasi, gambar ;c25 cm 4aBanjir, penanggulangan aYOPDYOG aBibliografi: halaman 185-18631aSleman :bDeepublish,c2016 2rdacontentateks 2rdamediaatanpa perantara 2rdacarrieravolume aCB-D.11/2016-3033 aCB-D.11/2016-3033